000
00301nam a22001337a 4500
008
181023b xxu||||| |||| 00| 0 eng d
020
_a
9781573563260
041
_a
eng
080
_2
2nd
_a
338
100
_a
56
101
_a
MEN
245
_a
The "How To" Grants Manual
_c
Bauer,D.G
942
_2
udc
_c
BK
999
_c
50675
_d
50675